000 01104cab a2200301 4500
001 ABS52490
008 090401t1995 xxu||||| |||| 00| 0 eng d
035 _a(Sirsi) u81643
041 _aeng
100 _aDouglas, N.
245 _aPlanning`s role in wind energy development
260 _c1995
350 _a0
490 _aTown & Country Planning
_v64(2) February 1995, 50-53(4)
520 _aDescribes the planning regime and its legislative base governing the development of wind energy resources. Debates the economic and environmental merits of wind turbines and the planning constraints affecting their installation. Sets out current government programmes for extending the use of wind power.
650 _aNON-FOSSIL FUEL OBLIGATION
650 _aRENEWABLE ENERGY
650 _aRENEWABLES OBLIGATION
650 _aSUSTAINABLE ENERGY
650 _aWIND ENERGY
650 _aWIND POWER
650 _aWIND TURBINES
690 _aENVIRONMENTAL AND LAND CONSULTANCY-ENERGY
690 _aPLANNING LAW AND PRACTICE
700 _aSaluja, G.
942 _n0
948 _c04/03/1997
999 _c51459
_d51459